00614nam a2200193Ia 4500001002700000003000900027008004100036040002300077041001300100100001900113245002600132250001500158260004400173300001900217490002900236501012400265520000900389700002200398791.430 7-LIZ ca pr (7395)IT-MiSPE171229s9999||||xx |||||||||||||| ||und|| aIT-MiSPEcIT-MiSPE aITALIANO aCarlo Lizzani  0aIl processo di Verona a1a ed. (v) aRocca S. CascianobCappellic(st.) 1963 a207 p. c21 cm aDal soggetto al filmv28 aEdizioni San Paolo srl - Piazza Soncino, 5 - 20092 CINISELLO BALSAMO (MI) (non commercial uses only) ® Copyright 2018 aTav. aAntonio Savignano